En la ribera del Tormes / (Record no. 99177)

MARC details
000 -LEADER
campo de control de longitud fija 00512nam a2200181 i 4500
001 - NÚMERO DE CONTROL
campo de control 99177
003 - IDENTIFICADOR DE NÚMERO DE CONTROL
campo de control ES-MaACL
005 - FECHA Y HORA DE LA ÚLTIMA TRANSACCIÓN
campo de control 20230906182444.0
007 - CAMPO FIJO DE DESCRIPCIÓN FÍSICA--INFORMACIÓN GENERAL
campo de control de longitud fija t|
008 - DATOS DE LONGITUD FIJA--INFORMACIÓN GENERAL
campo de control de longitud fija 050902s1957 sp ||||1| spa d
100 1# - ENTRADA PRINCIPAL--NOMBRE DE PERSONA
Nombre de persona Agacir.
9 (RLIN) 77504
245 10 - MENCIÓN DEL TÍTULO
Título En la ribera del Tormes /
Mención de responsabilidad, etc. Manuel Fulgencio Martín García.
260 ## - PUBLICACIÓN, DISTRIBUCIÓN, ETC.
Lugar de publicación, distribución, etc. Salamanca :
Nombre del editor, distribuidor, etc. Europa,
Fecha de publicación, distribución, etc. 1967.
300 ## - DESCRIPCIÓN FÍSICA
Extensión 49 p. ;
Dimensiones 19 cm.
852 ## - LOCALIZACIÓN
Ubicación ES-MaACL
Número de control de estantería B-8524
Sublocalización o colección R.65894
852 ## - LOCALIZACIÓN
Ubicación ES-MaACL
Número de control de estantería 2086-F-31
Sublocalización o colección R.89051
852 ## - LOCALIZACIÓN
Ubicación ES-MaACL
Número de control de estantería C-47089
Sublocalización o colección R.80820
Holdings
Estatus retirado Estado de pérdida Estado de daño No para préstamo Biblioteca de origen Biblioteca actual Ubicación en estantería Fecha de adquisición Fuente de adquisición Total de préstamos Signatura topográfica completa Código de barras Visto por última vez Precio de reemplazo Tipo de ítem Koha Colección
        Biblioteca del Ateneo de Madrid Biblioteca del Ateneo de Madrid Depósito 2 17/01/2008     C-47089 1103558 23/02/2023 23/02/2023 Libro impreso  
        Biblioteca del Ateneo de Madrid Biblioteca del Ateneo de Madrid Sala Pardo Bazán 17/01/2008     B-8524 1103556 23/02/2023 23/02/2023 Libro impreso  
        Biblioteca del Ateneo de Madrid Biblioteca del Ateneo de Madrid Depósito folletos 17/01/2008     2086-F-31 1103557 23/02/2023 23/02/2023 Folleto Colección de folletos